000 00674nam a2200277Ia 4500
005 20260324125647.0
008 008 260324s9999 xx 000 0 eng d
020 _a9780203890554
037 _aEBOOK
040 _aCRL
040 _beng
040 _cCRL
041 _2eng
041 _aeng
084 _qCRL
100 _aElana Wilson Rowe; Stina Torjesen
_91178821
245 4 _aThe Multilateral Dimension in Russian Foreign Policy
260 _bTaylor and Francis
260 _c2008
365 _a
365 _b290
856 _uhttp://www.taylorfrancis.com/books/9780203890554
942 _cEBOOK
999 _c1774294
_d1774294